| 000 | 00331nam a22001217a 4500 | ||
|---|---|---|---|
| 082 |
_a346.004 _bKHA |
||
| 100 | _aKhan, Saghir Ahmad | ||
| 245 |
_aPrinciples of Equity Maxims & Cases / _cSaghir Ahmad Khan |
||
| 260 |
_aLahore : _bMansoor Book House, _cN.A. |
||
| 300 |
_a192 p. ; _c24 cm. |
||
| 563 | _aHB. | ||
| 942 |
_2ddc _cBK |
||
| 999 |
_c616041 _d616041 |
||